000 01760nam a22003377a 4500
003 OSt
005 20230420121151.0
008 221006b |||||||| |||| 00| 0 eng d
040 _cBiblioteca Lado V
082 _a700
_bZ39a
100 _9802
_aZaya, Antonio
_eeditor
_edirector
245 _aAtalantica/
_bRevista de Arte y Pensamiento/
260 _bCentro Atlantico de Arte Moderno
_c1996
_aEspaña
300 _c24x30cm
_a193p.
366 _efre
366 _eeng
490 _v1995
_x1132-8428
_a13
505 _tTerritorios
_aLa Punta de una Rama de ciruelo Sobre Religión y Nuevo Arte Cubano Cultura y Realidad Histórica Visión del arte mexicano actual Proyecto de Lina Bertucci Reciclando la modernidad Desafios y Provocaciones Proyecto de Leif Trenkel
505 _tNexus
_aUna isla en el horizonte La Arpista Improvisando Anotaciones en Torno a la piedra Territorios Fronterizos entre arquitectura y música Como la flor sin nombre Perez Navarro
505 _tRevista
_aEntrevista con Toland Grinnell David First La Isla Contenida El Síndrome de la Postmodernidad Tauropatia de Zarza De como la vida decide en el arte El espíritu del navío
650 _2Tesauro de Arte & Arquitectura
_aARTE
_9703
650 _2Tesauro de Arte & Arquitectura
_aEXPOSICIONES
650 _2Tesauro de Arte & Arquitectura
_aCULTURA
650 _2Tesauro de Arte & Arquitectura
_aAPRECIACION
650 _2Tesauro de Arte & Arquitectura
_aTEORIA
650 _2Tesauro de Arte & Arquitectura
_aCRITICA
650 _2Tesauro de Arte & Arquitectura
_aFOTOGRAFIA
_9702
650 _2Tesauro de Arte & Arquitectura
_aLITERATURA
650 _2Tesauro de Arte & Arquitectura
_aESPAÑA
942 _2ddc
_c1
_h700
_iZ39a
_n0
999 _c3404
_d3404